[Event "Dundee & Angus Minor"]
[Site "Dundee"]
[Date "2015.10.11"]
[Round "4"]
[White "Milton, Sean"]
[Black "Newton, David"]
[Result "1-0"]
[WhiteElo "1127"]
[BlackElo "610"]
[PlyCount "75"]
[EventDate "2015.10.09"]
[EventType "swiss"]
[EventRounds "5"]
[EventCountry "SCO"]
[SourceTitle "EXT 2023"]
[Source "ChessBase"]
[SourceDate "2022.10.05"]
[SourceVersion "1"]
[SourceVersionDate "2022.10.05"]
[SourceQuality "1"]

1. b4 e5 2. Bb2 f6 3. e3 g6 4. b5 b6 5. Nf3 Bd6 6. Be2 Bb7 7. c4 e4 8. Nd4 Be5 9. Nc3 Bxd4 10. exd4 d5 11. 0-0 Ne7 12. Qb3 c6 13. c5 a5 14. a4 Qd7 15. Rae1 Nf5 16. Bg4 h5 17. Bxf5 Qxf5 18. d3 g5 19. dxe4 Qd7 20. exd5+ Kd8 21. dxc6 Nxc6 22. bxc6 Qxc6 23. Qxb6+ Qxb6 24. cxb6 Rb8 25. Ba3 Ba6 26. Be7+ Kd7 27. Bxf6 Rhc8 28. Nb5 Re8 29. Rxe8 Rxe8 30. d5 g4 31. f3 Rf8 32. fxg4 hxg4 33. g3 Bb7 34. d6 Ke6 35. Bc3 Ra8 36. Nc7+ Kxd6 37. Nxa8 Bxa8 38. Rf4 1-0